[Event "VI Festival A"]
[Site "Roseto degli Abruzzi ITA"]
[Date "2014.05.31"]
[Round "2"]
[White "Messina, Enrico"]
[Black "Baltzopoulos, Giorgos"]
[WhiteElo "2169"]
[BlackElo "2003"]
[Result "1-0"]
[PlyCount "89"]
[EventDate "2014.05.30"]

1. e4 e5 2. Nf3 Nc6 3. d3 Nf6 4. Be2 g6 5. O-O Bg7 6. c3 O-O 7. Nbd2 d5 8. Re1
a5 9. a4 h6 10. Qc2 Be6 11. Bf1 Nd7 12. g3 f5 13. Bg2 Qf6 14. exd5 Bxd5 15.
Nxe5 Ndxe5 16. Bxd5+ Kh8 17. d4 Ng4 18. Nf3 Qd6 19. Ba2 Rae8 20. Bf4 Qd7 21. h3
g5 22. Bxg5 Nxf2 23. Kxf2 hxg5 24. Nxg5 Bh6 25. Ne6 Rf6 26. d5 Ne7 27. c4 Rg6
28. Qc3+ Kh7 29. Qe5 Reg8 30. Rg1 Qxa4 31. Nxc7 Qb4 32. Rae1 Bg5 33. Ne6 Bf6
34. Qe2 Qb6+ 35. c5 Qxb2 36. Qxb2 Bxb2 37. Rb1 Rxe6 38. Rxb2 Re5 39. Rxb7 Rg7
40. Rd1 Re4 41. d6 Nc6 42. Rxg7+ Kxg7 43. Bd5 Rd4 44. Rxd4 Nxd4 45. c6 1-0

[Event "VI Festival A"]
[Site "Roseto degli Abruzzi ITA"]
[Date "2014.05.31"]
[Round "2"]
[White "Pecorari, Marcello"]
[Black "Naumkin, Igor"]
[WhiteElo "2028"]
[BlackElo "2430"]
[Result "0-1"]
[PlyCount "52"]
[EventDate "2014.05.30"]

1. e4 e6 2. d4 d5 3. Nd2 Nc6 4. Ngf3 Nf6 5. e5 Nd7 6. c3 f6 7. exf6 Qxf6 8. Nb3
h6 9. Be3 Bd6 10. Qd2 b6 11. a4 a5 12. Nc1 Bb7 13. Nd3 O-O 14. Be2 e5 15. dxe5
Ndxe5 16. Nfxe5 Nxe5 17. Nxe5 Bxe5 18. O-O-O c5 19. f4 Bxf4 20. Bxf4 Qxf4 21.
Bf3 Rad8 22. Qxf4 Rxf4 23. b3 c4 24. Rhf1 cxb3 25. Bxd5+ Rxd5 26. Rxf4 b2+ 0-1

[Event "VI Festival A"]
[Site "Roseto degli Abruzzi ITA"]
[Date "2014.05.31"]
[Round "2"]
[White "Puga Villarino, Eloy"]
[Black "Franciosi, Fausto"]
[WhiteElo "1840"]
[BlackElo "2104"]
[Result "1/2-1/2"]
[PlyCount "123"]
[EventDate "2014.05.30"]

1. e4 d6 2. d4 Nf6 3. Nc3 e5 4. dxe5 dxe5 5. Qxd8+ Kxd8 6. Bg5 c6 7. Bc4 Ke8 8.
a4 a5 9. Nge2 Nbd7 10. O-O-O Be7 11. Ng3 g6 12. Rd3 Ng4 13. Bxe7 Kxe7 14. Rf3
Ngf6 15. h3 Nc5 16. Rd1 Rf8 17. b3 h5 18. Re3 h4 19. Nge2 Nh5 20. Nb1 Bd7 21.
Nd2 f6 22. Nf3 g5 23. Nh2 Rad8 24. Nf3 Bc8 25. Ne1 Rxd1+ 26. Kxd1 Rd8+ 27. Kc1
g4 28. hxg4 Bxg4 29. f3 Be6 30. Bxe6 Nxe6 31. Rd3 Rg8 32. Rd2 Nhf4 33. Nxf4
Nxf4 34. Rf2 b5 35. axb5 cxb5 36. Kb2 Kd6 37. Rd2+ Kc5 38. Rd7 Nxg2 39. Nd3+
Kc6 40. Re7 Kd6 41. Ra7 h3 42. Ra6+ Ke7 43. Rxa5 Rh8 44. Ra1 h2 45. Rh1 f5 46.
Nf2 Kf6 47. exf5 Kxf5 48. Kc3 Kf4 49. Ng4 Kg3 50. Nxe5 Ne3 51. Kd3 Kg2 52.
Rxh2+ Kxh2 53. Kxe3 Kg3 54. f4 Rf8 55. Nd3 Re8+ 56. Ne5 Rf8 57. Nd3 Rc8 58. Nb4
Re8+ 59. Kd4 Kxf4 60. Kc5 Re5+ 61. Nd5+ Ke4 62. c4 1/2-1/2

[Event "VI Festival A"]
[Site "Roseto degli Abruzzi ITA"]
[Date "2014.05.31"]
[Round "2"]
[White "Tribuiani, Renato"]
[Black "Rosato, Dario"]
[WhiteElo "1974"]
[BlackElo "1869"]
[Result "1-0"]
[PlyCount "122"]
[EventDate "2014.05.30"]

1. d4 d5 2. e4 dxe4 3. Nc3 Nf6 4. f3 e3 5. Bxe3 Bf5 6. g4 Bg6 7. h4 h5 8. Bc4
hxg4 9. fxg4 e6 10. h5 Qd6 11. Rh3 Be4 12. Nxe4 Nxe4 13. Bd3 Qc6 14. a3 Nd6 15.
Qf3 Qxf3 16. Nxf3 Nd7 17. O-O-O Nf6 18. Ne5 Nd5 19. Bd2 b5 20. Rf1 f6 21. Ng6
Rg8 22. Nf4 Kd7 23. Nxd5 exd5 24. Bg6 c6 25. Re1 a5 26. Bf4 a4 27. c3 Rd8 28.
Rhe3 Rh8 29. Re6 Ra8 30. Kc2 Rd8 31. Kd3 Ra8 32. R6e2 Rd8 33. g5 f5 34. Be5 Rg8
35. Bh7 Rh8 36. Bg6 Rg8 37. Bxd6 Bxd6 38. Bxf5+ Kc7 39. Rf1 Rgf8 40. Ref2 Rde8
41. h6 gxh6 42. gxh6 Rf6 43. h7 Rh6 44. Kc2 c5 45. Rg2 Rf8 46. Rg7+ Kb6 47. Bd3
Rh2+ 48. Kb1 Rxf1+ 49. Bxf1 Rh1 50. Rf7 c4 51. Kc1 Bg3 52. Kd2 Bh4 53. Rf5 Rh2+
54. Be2 Be7 55. Rh5 Rxh5 56. Bxh5 Bf6 57. Ke3 Kc7 58. Kf4 Kd8 59. Kf5 Ke7 60.
Bf3 Kf7 61. Bxd5+ Kg7 1-0

[Event "VI Festival A"]
[Site "Roseto degli Abruzzi ITA"]
[Date "2014.05.31"]
[Round "3"]
[White "Baltzopoulos, Giorgos"]
[Black "Marvulli, Dario"]
[WhiteElo "2003"]
[BlackElo "1889"]
[Result "1/2-1/2"]
[PlyCount "54"]
[EventDate "2014.05.30"]

1. e4 Nc6 2. Nf3 e5 3. Bb5 a6 4. Ba4 Nf6 5. O-O Be7 6. Re1 b5 7. Bb3 O-O 8. c3
d5 9. exd5 e4 10. dxc6 exf3 11. d4 Re8 12. Bg5 fxg2 13. Qf3 Bg4 14. Qxg2 Bd6
15. Nd2 Rxe1+ 16. Rxe1 h5 17. Nf3 Kf8 18. Re3 Qc8 19. Ne5 Qf5 20. Bxf6 Qb1+ 21.
Qf1 Qxf1+ 22. Kxf1 gxf6 23. Nxg4 hxg4 24. Kg2 f5 25. Re1 Kg7 26. h3 Rh8 27. Rh1
Bf4 1/2-1/2

[Event "VI Festival A"]
[Site "Roseto degli Abruzzi ITA"]
[Date "2014.05.31"]
[Round "3"]
[White "Bizzarro, Sofia"]
[Black "Bria, Simone"]
[WhiteElo "1824"]
[BlackElo "1815"]
[Result "1/2-1/2"]
[PlyCount "56"]
[EventDate "2014.05.30"]

1. e4 c5 2. Nf3 d6 3. d4 cxd4 4. Nxd4 Nf6 5. Nc3 g6 6. Be2 Bg7 7. Be3 O-O 8.
Qd2 Nc6 9. O-O Nxd4 10. Bxd4 Be6 11. Rad1 a6 12. Be3 b5 13. a3 Rc8 14. Bh6 Bc4
15. Bxg7 Kxg7 16. Bxc4 Rxc4 17. e5 Ne8 18. Rfe1 Rc6 19. Qe3 e6 20. exd6 Rxd6
21. Rxd6 Qxd6 22. Rd1 Qc7 23. h3 Nf6 24. Qd4 Rc8 25. Qd6 Nd5 26. Qxc7 Rxc7 27.
Nxd5 exd5 28. Rxd5 Rxc2 1/2-1/2

[Event "VI Festival A"]
[Site "Roseto degli Abruzzi ITA"]
[Date "2014.05.31"]
[Round "3"]
[White "Colantuono, Virginia"]
[Black "Puga Villarino, Eloy"]
[WhiteElo "1943"]
[BlackElo "1840"]
[Result "1/2-1/2"]
[PlyCount "68"]
[EventDate "2014.05.30"]

1. Nf3 Nf6 2. g3 d6 3. Bg2 e5 4. c4 g6 5. Nc3 Bg7 6. O-O O-O 7. d4 Nbd7 8. b3
Re8 9. Bb2 c6 10. d5 c5 11. e4 a6 12. Qd3 Rb8 13. a4 b6 14. Rae1 Nh5 15. Bc1
Nf8 16. Nh4 Rb7 17. Bf3 Bh3 18. Ng2 Nf6 19. Bd1 Rbe7 20. f3 Nh5 21. Rf2 h6 22.
Ne3 Nh7 23. Ng4 Ng5 24. Bxg5 hxg5 25. Qe3 Rb7 26. Rb2 f5 27. Nf2 f4 28. Qd2 Bd7
29. g4 Nf6 30. Be2 Kf7 31. Nh3 Nh7 32. Reb1 a5 33. Nb5 Bxb5 34. axb5 Rh8
1/2-1/2

[Event "VI Festival A"]
[Site "Roseto degli Abruzzi ITA"]
[Date "2014.05.31"]
[Round "3"]
[White "Di Lascio, Savino"]
[Black "Bighiu, Gheorghe"]
[WhiteElo "1878"]
[BlackElo "1989"]
[Result "1-0"]
[PlyCount "105"]
[EventDate "2014.05.30"]

1. Nf3 Nf6 2. g3 e6 3. Bg2 d5 4. O-O c5 5. c4 d4 6. d3 Nc6 7. Bg5 Be7 8. Nbd2
O-O 9. Nb3 Qd6 10. Nfd2 b6 11. Bxf6 gxf6 12. e3 dxe3 13. fxe3 Bb7 14. Ne4 Qe5
15. d4 cxd4 16. exd4 Nxd4 17. Qxd4 Qxd4+ 18. Nxd4 Bxe4 19. Bxe4 Bc5 20. Bxa8
Bxd4+ 21. Kg2 Rxa8 22. Rab1 a5 23. Kf3 a4 24. Ke4 Be5 25. Rfd1 Rc8 26. b3 axb3
27. axb3 Rc5 28. Rbc1 f5+ 29. Kf3 Ra5 30. Rd3 Kg7 31. b4 Ra2 32. h4 Rb2 33. c5
Rxb4 34. c6 Bc7 35. Rd7 Rb3+ 36. Ke2 Bxg3 37. c7 Bxc7 38. Rcxc7 h6 39. Rxf7+
Kg6 40. Rfe7 Kf6 41. Rh7 Kg6 42. Rcg7+ Kh5 43. Re7 Kg6 44. h5+ Kf6 45. Reg7 Ke5
46. Rxh6 Rb2+ 47. Kd3 b5 48. Re7 b4 49. Rhxe6+ Kf4 50. h6 b3 51. Re2 Rb1 52.
Re1 Rb2 53. R7e2 1-0

[Event "VI Festival A"]
[Site "Roseto degli Abruzzi ITA"]
[Date "2014.05.31"]
[Round "3"]
[White "Franciosi, Fausto"]
[Black "Marozzi, Giovanni"]
[WhiteElo "2104"]
[BlackElo "1913"]
[Result "1/2-1/2"]
[PlyCount "133"]
[EventDate "2014.05.30"]

1. Nf3 d5 2. g3 Nf6 3. Bg2 Bf5 4. d3 c5 5. O-O Nc6 6. Nbd2 e6 7. b3 Be7 8. Bb2
O-O 9. Ne5 Nxe5 10. Bxe5 Ng4 11. Bb2 Bf6 12. c3 Ne5 13. h3 Qb6 14. f4 c4+ 15.
Kh1 Nxd3 16. exd3 Bxd3 17. Rf3 Rfd8 18. Qg1 Qa5 19. bxc4 dxc4 20. Qc1 Rac8 21.
Re3 b5 22. a3 Qa4 23. Bf3 Qa5 24. Ne4 Be7 25. Qe1 Qb6 26. g4 a5 27. Kg2 Rd7 28.
g5 Rcd8 29. Kg3 Qc7 30. Bg2 Kh8 31. Rc1 Rd5 32. h4 R5d7 33. h5 Bxe4 34. Bxe4
Bxg5 35. Rf3 Rd2 36. Rc2 R2d7 37. Re2 Bf6 38. Qb1 h6 39. Qc2 Qc5 40. Rh2 Be7
41. Qe2 Rd1 42. Rff2 R1d7 43. Bc2 Qd5 44. Qe4 Qxe4 45. Bxe4 b4 46. cxb4 axb4
47. axb4 Bxb4 48. Rc2 f5 49. Bf3 Rc7 50. Bc3 Bxc3 51. Rxc3 Rd3 52. Rhc2 Ra7 53.
Rxd3 cxd3 54. Rd2 Ra3 55. Kf2 Kg8 56. Ke3 Kf7 57. Rxd3 Ra6 58. Be2 Rb6 59. Rd8
Kf6 60. Bc4 Ke7 61. Rc8 Kf6 62. Kd4 Rd6+ 63. Kc5 Rd1 64. Rc6 Re1 65. Kd6 Re4
66. Kd7 Rxf4 67. Bxe6 1/2-1/2

[Event "VI Festival A"]
[Site "Roseto degli Abruzzi ITA"]
[Date "2014.05.31"]
[Round "3"]
[White "Manfroi, Andrea"]
[Black "Di Pietro, Gabriele"]
[WhiteElo "1907"]
[BlackElo "1884"]
[Result "1-0"]
[PlyCount "51"]
[EventDate "2014.05.30"]

1. e4 c6 2. d4 d5 3. Nc3 dxe4 4. Nxe4 Bf5 5. Ng3 Bg6 6. h4 h6 7. h5 Bh7 8. c3
Nf6 9. Bd3 Bxd3 10. Qxd3 e6 11. Nf3 Nbd7 12. Be3 Qc7 13. O-O-O Bd6 14. Ne4 Nxe4
15. Qxe4 Nf6 16. Qc2 Ng4 17. Kb1 Nxe3 18. fxe3 O-O-O 19. Rhf1 Be7 20. Qf2 Kb8
21. Ne5 Bf6 22. Ng4 Rd5 23. Nxf6 Rf5 24. Qh4 Qe7 25. Qg3+ Kc8 26. Ne4 1-0

[Event "VI Festival A"]
[Site "Roseto degli Abruzzi ITA"]
[Date "2014.05.31"]
[Round "3"]
[White "Naumkin, Igor"]
[Black "Messina, Enrico"]
[WhiteElo "2430"]
[BlackElo "2169"]
[Result "1-0"]
[PlyCount "105"]
[EventDate "2014.05.30"]

1. d4 Nf6 2. c4 c5 3. d5 e5 4. Nc3 d6 5. e4 Be7 6. Nf3 Nbd7 7. Be2 Nf8 8. O-O
Ng6 9. Ne1 O-O 10. Nd3 a6 11. a4 b6 12. b4 a5 13. bxc5 bxc5 14. Kh1 Ne8 15. Bg4
Bxg4 16. Qxg4 Nc7 17. Nb5 Na6 18. Ra3 f5 19. exf5 Qd7 20. Qe2 Qxf5 21. f3 Rad8
22. Nf2 Rd7 23. Ne4 Nb4 24. Kg1 h6 25. g3 Kh8 26. Qg2 Kg8 27. h4 Nh8 28. g4 Qf7
29. h5 Qe8 30. f4 Nf7 31. Raf3 exf4 32. Bxf4 Ne5 33. Bxe5 Rxf3 34. Qxf3 dxe5
35. Qg3 Bg5 36. Nbd6 Qd8 37. Nxg5 Qxg5 38. Ne4 Qe7 39. Rf5 Nc2 40. Rxe5 Qf8 41.
Rf5 Rf7 42. Rxf7 Qxf7 43. Qf2 Qd7 44. Qxc2 Qxg4+ 45. Kf1 Qxh5 46. Nf2 Qe5 47.
Qd1 Kf7 48. Qf3+ Kg8 49. Kg2 Qe8 50. d6 Qg6+ 51. Qg3 Qe6 52. Qd3 Kf7 53. d7 1-0

[Event "VI Festival A"]
[Site "Roseto degli Abruzzi ITA"]
[Date "2014.05.31"]
[Round "3"]
[White "Rosato, Dario"]
[Black "Pecorari, Marcello"]
[WhiteElo "1869"]
[BlackElo "2028"]
[Result "1/2-1/2"]
[PlyCount "50"]
[EventDate "2014.05.30"]

1. c4 c5 2. Nc3 Nc6 3. Nf3 Nf6 4. d4 cxd4 5. Nxd4 g6 6. e4 d6 7. Be2 Nxd4 8.
Qxd4 Bg7 9. Be3 O-O 10. Qd2 Be6 11. O-O a6 12. Rac1 Re8 13. h3 Rb8 14. b3 Bd7
15. Ba7 Ra8 16. Bd4 Bc6 17. Bf3 Qa5 18. Rfd1 Nd7 19. g3 Bxd4 20. Qxd4 Qe5 21.
Nd5 Qxd4 22. Rxd4 Bxd5 23. cxd5 Rac8 24. Rdc4 Rc5 25. b4 Rb5 1/2-1/2

[Event "VI Festival A"]
[Site "Roseto degli Abruzzi ITA"]
[Date "2014.05.31"]
[Round "3"]
[White "Vesce, Emanuele"]
[Black "Tribuiani, Renato"]
[WhiteElo "1984"]
[BlackElo "1974"]
[Result "1-0"]
[PlyCount "85"]
[EventDate "2014.05.30"]

1. e4 Nc6 2. Nf3 d6 3. d4 Bg4 4. Be3 g6 5. h3 Bxf3 6. Qxf3 Bg7 7. Bc4 Nf6 8.
Nc3 O-O 9. O-O-O e5 10. d5 Nd4 11. Qg3 b5 12. Bd3 b4 13. Nb1 Nxe4 14. Qh2 Nc5
15. h4 Nxd3+ 16. Rxd3 Qf6 17. h5 Nf5 18. hxg6 fxg6 19. Nd2 Nxe3 20. Rxe3 h6 21.
Ne4 Qf7 22. Qg3 g5 23. Rd1 Qg6 24. f3 Qf5 25. Kb1 a5 26. Qe1 Rfb8 27. g4 Qg6
28. Ng3 a4 29. Nf5 Kf7 30. Re4 b3 31. cxb3 axb3 32. a3 Rb7 33. Qc3 Ra6 34. Qc4
Rab6 35. Rc1 Qf6 36. Qa4 Qd8 37. Re2 e4 38. Rxe4 Be5 39. Rh1 Rb5 40. Rxh6 Qg8
41. Qc4 Rc5 42. Rxe5 Rxc4 43. Re7+ 1-0

[Event "VI Festival A"]
[Site "Roseto degli Abruzzi ITA"]
[Date "2014.06.01"]
[Round "4"]
[White "Bighiu, Gheorghe"]
[Black "Manfroi, Andrea"]
[WhiteElo "1989"]
[BlackElo "1907"]
[Result "0-1"]
[PlyCount "62"]
[EventDate "2014.05.30"]

1. h3 d5 2. d4 Nf6 3. Nf3 e6 4. e3 Nbd7 5. Nbd2 c6 6. Bd3 Bd6 7. e4 dxe4 8.
Nxe4 Nxe4 9. Bxe4 Nf6 10. Bd3 O-O 11. O-O b6 12. Ne5 Qc7 13. Re1 Bb7 14. Bg5
Be7 15. Qe2 Rad8 16. Rad1 h6 17. Bxf6 Bxf6 18. Ng4 Qe7 19. Qe4 g6 20. c3 Kg7
21. Qf4 Bg5 22. Qe5+ Bf6 23. Qg3 Bh4 24. Qe3 Rh8 25. g3 Bf6 26. Be4 h5 27. Nh2
c5 28. dxc5 bxc5 29. Nf3 Bxe4 30. Qxe4 Rb8 31. Rd2 Qb7 0-1

[Event "VI Festival A"]
[Site "Roseto degli Abruzzi ITA"]
[Date "2014.06.01"]
[Round "4"]
[White "Bria, Simone"]
[Black "Di Pietro, Gabriele"]
[WhiteElo "1815"]
[BlackElo "1884"]
[Result "0-1"]
[PlyCount "108"]
[EventDate "2014.05.30"]

1. e4 Nf6 2. e5 Nd5 3. c4 Nb6 4. d4 d6 5. exd6 cxd6 6. Nc3 Nc6 7. Be3 Bf5 8.
Rc1 e6 9. b3 d5 10. c5 Nd7 11. Nge2 Be7 12. Ng3 Bg6 13. Bd3 Bxd3 14. Qxd3 O-O
15. O-O Nf6 16. h3 a6 17. Na4 Qc7 18. Nb6 Rad8 19. Rfe1 Nd7 20. Nxd7 Rxd7 21.
Ne2 Qa5 22. Bd2 Qd8 23. Nc3 Bg5 24. Bxg5 Qxg5 25. Re3 Qf4 26. Rd1 Rfd8 27. Rf3
Qh6 28. Re1 Qg6 29. Qd2 f5 30. Ne2 Qf6 31. Qf4 g5 32. Qe3 Rg7 33. Ng3 Rg6 34.
Nh5 Qxd4 35. Qxd4 Nxd4 36. Rd3 Nc6 37. Ng3 Kf7 38. Nf1 e5 39. Ne3 Ke6 40. Red1
d4 41. Nc4 e4 42. R3d2 d3 43. Nd6 Rd7 44. f3 Ke5 45. fxe4 fxe4 46. Re1 Rgxd6
47. cxd6 Rxd6 48. Kf2 Kd4 49. Kg3 e3 50. Rdd1 Ne5 51. h4 h6 52. hxg5 hxg5 53.
Kh3 d2 54. Rf1 Kd5 0-1

[Event "VI Festival A"]
[Site "Roseto degli Abruzzi ITA"]
[Date "2014.06.01"]
[Round "4"]
[White "Marozzi, Giovanni"]
[Black "Rosato, Dario"]
[WhiteElo "1913"]
[BlackElo "1869"]
[Result "1-0"]
[PlyCount "62"]
[EventDate "2014.05.30"]

1. e4 c5 2. Nf3 Nc6 3. Bb5 Nd4 4. Nxd4 cxd4 5. O-O Nf6 6. d3 g6 7. c3 a6 8. Ba4
Qb6 9. cxd4 Qxd4 10. Nc3 Bg7 11. Be3 Qb4 12. Bb3 O-O 13. e5 Ng4 14. Nd5 Nxe3
15. fxe3 Qh4 16. Rf4 Qg5 17. d4 d6 18. h4 Qg3 19. Nxe7+ Kh8 20. Qf3 Qxf3 21.
Rxf3 dxe5 22. dxe5 Bxe5 23. Rxf7 Rxf7 24. Bxf7 Bd7 25. Bxg6 Bf6 26. Bf5 Bb5 27.
Nd5 Bxb2 28. Rb1 Be5 29. a4 Bxa4 30. Rxb7 Bc6 31. Rxh7+ Kg8 1-0

[Event "VI Festival A"]
[Site "Roseto degli Abruzzi ITA"]
[Date "2014.06.01"]
[Round "4"]
[White "Marvulli, Dario"]
[Black "Bizzarro, Sofia"]
[WhiteElo "1889"]
[BlackElo "1824"]
[Result "1-0"]
[PlyCount "115"]
[EventDate "2014.05.30"]

1. e4 c5 2. Nc3 Nc6 3. f4 g6 4. Nf3 Bg7 5. Bc4 e6 6. d3 Nge7 7. O-O O-O 8. Qe1
d5 9. Bb3 Na5 10. f5 c4 11. Ba4 a6 12. Qh4 exf5 13. Bh6 f6 14. exd5 cxd3 15.
Bxg7 Kxg7 16. b4 b5 17. bxa5 bxa4 18. Qxa4 dxc2 19. Rae1 Nxd5 20. Qc6 Nxc3 21.
Qxa8 c1=Q 22. Rxc1 Ne2+ 23. Kh1 Nxc1 24. Rxc1 Qd7 25. Qb8 Bb7 26. Rc7 Rxb8 27.
Rxd7+ Kg8 28. Rd6 Rc8 29. Kg1 Rc7 30. Nd4 Bc8 31. Rxf6 Rc5 32. Nb3 Kg7 33. Rxa6
Rc1+ 34. Nxc1 Bxa6 35. Nb3 Bc4 36. Nc5 Bxa2 37. a6 Bd5 38. Nd7 h5 39. Nb6 Bc6
40. a7 g5 41. a8=Q Bxa8 42. Nxa8 f4 43. Nb6 Kg6 44. Nc4 Kf5 45. Kf2 g4 46. Nd2
h4 47. h3 Kg5 48. Nf1 f3 49. gxf3 gxh3 50. Ke3 Kf5 51. f4 Ke6 52. Ke4 Kf6 53.
f5 Kf7 54. Kf4 Kf6 55. Nh2 Kf7 56. Kg5 Kg7 57. Kxh4 Kf6 58. Kg4 1-0

[Event "VI Festival A"]
[Site "Roseto degli Abruzzi ITA"]
[Date "2014.06.01"]
[Round "4"]
[White "Messina, Enrico"]
[Black "Di Lascio, Savino"]
[WhiteElo "2169"]
[BlackElo "1878"]
[Result "1-0"]
[PlyCount "73"]
[EventDate "2014.05.30"]

1. d4 Nf6 2. Nf3 d6 3. Nc3 Bf5 4. Nh4 Bg6 5. Nxg6 hxg6 6. e4 e5 7. Be3 Nbd7 8.
Be2 Be7 9. Qd3 exd4 10. Qxd4 Kf8 11. f4 Nh5 12. O-O Bf6 13. Qd2 Bxc3 14. Qxc3
Nhf6 15. Bf3 c6 16. Rad1 Qe7 17. Qd4 d5 18. e5 Ne8 19. c4 b6 20. cxd5 c5 21.
Qd2 Qh4 22. g3 Qh3 23. Qe2 Rd8 24. Bg4 Qh7 25. h4 f5 26. Bf3 g5 27. hxg5 g6 28.
Kf2 Qh2+ 29. Bg2 Qh5 30. Rh1 Qxe2+ 31. Kxe2 Rxh1 32. Rxh1 Kg7 33. Bd2 Nc7 34.
e6 Re8 35. Bc3+ Kf8 36. Rh8+ Ke7 37. Rh7+ 1-0

[Event "VI Festival A"]
[Site "Roseto degli Abruzzi ITA"]
[Date "2014.06.01"]
[Round "4"]
[White "Pecorari, Marcello"]
[Black "Colantuono, Virginia"]
[WhiteElo "2028"]
[BlackElo "1943"]
[Result "0-1"]
[PlyCount "126"]
[EventDate "2014.05.30"]

1. e4 c5 2. c3 d5 3. exd5 Qxd5 4. d4 Nc6 5. Nf3 Bg4 6. Be2 e6 7. h3 Bh5 8. O-O
Nf6 9. Be3 cxd4 10. cxd4 Be7 11. Nc3 Qd6 12. Qd2 O-O 13. Rac1 Rac8 14. Rfd1 Nb4
15. Bf4 Qb6 16. g4 Bg6 17. Ne5 Rfd8 18. a3 Nbd5 19. Nxg6 hxg6 20. Nxd5 Nxd5 21.
Be3 Qd6 22. Bf3 b6 23. Kg2 g5 24. Bxd5 Qxd5+ 25. f3 Bf6 26. Rxc8 Rxc8 27. Rc1
Rxc1 28. Qxc1 Bxd4 29. Bxg5 Bxb2 30. Qc8+ Kh7 31. Qc2+ g6 32. Qxb2 Qxg5 33. Qc3
Qe7 34. a4 e5 35. Qc4 Kg7 36. Qa6 Qd7 37. h4 e4 38. fxe4 Qxg4+ 39. Kf1 Qh3+ 40.
Kg1 Qe3+ 41. Kf1 Qxe4 42. Qxa7 Qc4+ 43. Kg2 Qxh4 44. Qxb6 Qxa4 45. Qb2+ f6 46.
Kf1 Qf4+ 47. Kg1 Qe3+ 48. Kf1 g5 49. Qb7+ Kg6 50. Qc8 Qf4+ 51. Ke1 Qe4+ 52. Kd2
g4 53. Qg8+ Kf5 54. Qh7+ Kf4 55. Qh6+ Ke5 56. Qh5+ f5 57. Qh8+ Kf4 58. Qh2+ Kg5
59. Qh8 g3 60. Qg7+ Kf4 61. Qh6+ Kf3 62. Qh5+ Kf2 63. Qh8 g2 0-1

[Event "VI Festival A"]
[Site "Roseto degli Abruzzi ITA"]
[Date "2014.06.01"]
[Round "4"]
[White "Puga Villarino, Eloy"]
[Black "Baltzopoulos, Giorgos"]
[WhiteElo "1840"]
[BlackElo "2003"]
[Result "0-1"]
[PlyCount "172"]
[EventDate "2014.05.30"]

1. e4 c5 2. Nf3 d6 3. Bb5+ Nd7 4. c3 Ngf6 5. Qe2 a6 6. Ba4 b5 7. Bc2 g6 8. O-O
Bg7 9. d4 O-O 10. e5 Nd5 11. e6 N7b6 12. Ng5 f5 13. Re1 cxd4 14. cxd4 Bxd4 15.
Bb3 Qc7 16. Nf7 Rxf7 17. exf7+ Kxf7 18. Nc3 Bxc3 19. bxc3 e5 20. Qd2 Be6 21.
Qh6 Kg8 22. Bg5 Rc8 23. Rad1 Qg7 24. Qh4 Rxc3 25. Bh6 Qd7 26. Re2 Rc8 27. Red2
f4 28. h3 Qf7 29. Bg5 Nc4 30. Bxc4 bxc4 31. g3 c3 32. Rd3 c2 33. Rc1 Qf5 34.
Rd2 Nb4 35. Qg4 Qxg4 36. hxg4 fxg3 37. fxg3 Nxa2 38. Rcxc2 Rxc2 39. Rxc2 Nb4
40. Rc7 a5 41. Ra7 Nc6 42. Rc7 Nd4 43. Bf6 Bxg4 44. Rg7+ Kf8 45. Rxh7 a4 46.
Kf2 a3 47. Ra7 Nb5 48. Ra5 Bd7 49. Bg5 Kf7 50. Bc1 Ke6 51. Bxa3 Nxa3 52. Rxa3
Bc6 53. Ke3 d5 54. Ra6 Kd6 55. Ra7 d4+ 56. Kd3 Bd7 57. Ra6+ Kd5 58. Ra5+ Ke6
59. Ra6+ Kf5 60. g4+ Kxg4 61. Rxg6+ Kf4 62. Rg7 Bf5+ 63. Kd2 e4 64. Rg8 e3+ 65.
Ke1 d3 66. Rd8 Ke4 67. Re8+ Kf3 68. Rd8 Ke4 69. Re8+ Kd4 70. Rd8+ Ke5 71. Re8+
Be6 72. Rd8 Bd5 73. Re8+ Kd4 74. Rd8 Kc4 75. Rc8+ Kd4 76. Rd8 Kc5 77. Rc8+ Bc6
78. Rd8 Bb5 79. Rc8+ Kd4 80. Rd8+ Kc3 81. Kd1 Ba4+ 82. Ke1 Bb3 83. Rc8+ Bc4 84.
Rd8 d2+ 85. Rxd2 exd2+ 86. Kd1 Bb3+ 0-1

[Event "VI Festival A"]
[Site "Roseto degli Abruzzi ITA"]
[Date "2014.06.01"]
[Round "4"]
[White "Tribuiani, Renato"]
[Black "Franciosi, Fausto"]
[WhiteElo "1974"]
[BlackElo "2104"]
[Result "0-1"]
[PlyCount "74"]
[EventDate "2014.05.30"]

1. d4 d6 2. e4 Nf6 3. Nc3 e5 4. d5 g6 5. Be2 Bg7 6. h4 h5 7. Nh3 a6 8. Ng5 Nbd7
9. Qd3 b5 10. a3 Nb6 11. Qg3 O-O 12. O-O Bd7 13. Be3 Nc4 14. Bxc4 bxc4 15. f4
exf4 16. Bxf4 Ng4 17. Nd1 Rb8 18. c3 Ba4 19. Ne3 Nxe3 20. Bxe3 Rxb2 21. Nxf7
Rxf7 22. Rxf7 Kxf7 23. Rf1+ Kg8 24. Qxg6 Qe8 25. Qg5 c5 26. dxc6 Bxc6 27. Bd4
Rb7 28. Rf6 Qe7 29. Qg3 Bxe4 30. Rxd6 Kh7 31. Qf4 Rb1+ 32. Kh2 Rb2 33. Bxg7
Rxg2+ 34. Kh3 Kxg7 35. Qh6+ Kg8 36. Re6 Qd7 37. Qf6 Qd3+ 0-1

[Event "VI Festival A"]
[Site "Roseto degli Abruzzi ITA"]
[Date "2014.06.01"]
[Round "4"]
[White "Vesce, Emanuele"]
[Black "Naumkin, Igor"]
[WhiteElo "1984"]
[BlackElo "2430"]
[Result "0-1"]
[PlyCount "68"]
[EventDate "2014.05.30"]

1. e4 e6 2. Nf3 d5 3. Nc3 Nf6 4. e5 Nfd7 5. d4 c5 6. dxc5 Nc6 7. Bf4 Bxc5 8.
Bd3 f6 9. exf6 Nxf6 10. Qe2 O-O 11. O-O-O a6 12. Ne5 Nxe5 13. Bxe5 b5 14. g4
Qe8 15. Rhg1 Nd7 16. Bg3 Nf6 17. Bh4 Ra7 18. Rde1 b4 19. Nd1 Kh8 20. Rg2 e5 21.
g5 Nh5 22. Bg3 e4 23. f3 Bh3 24. fxe4 Bxg2 25. Qxg2 Nxg3 26. hxg3 Qe5 27. Re2
Qxg5+ 28. Kb1 Raf7 29. exd5 Rf1 30. Rd2 Re1 31. d6 Be3 32. Qe4 g6 33. d7 Bxd2
34. Be2 Qf6 0-1

[Event "VI Festival A"]
[Site "Roseto degli Abruzzi ITA"]
[Date "2014.06.01"]
[Round "5"]
[White "Baltzopoulos, Giorgos"]
[Black "Marozzi, Giovanni"]
[WhiteElo "2003"]
[BlackElo "1913"]
[Result "1-0"]
[PlyCount "65"]
[EventDate "2014.05.30"]

1. d4 d5 2. c4 e6 3. Nc3 Nf6 4. cxd5 exd5 5. Bg5 Be7 6. Qc2 h6 7. Bh4 O-O 8. e3
Re8 9. Bd3 c6 10. Nge2 Nbd7 11. h3 Ne4 12. Bxe7 Qxe7 13. Bxe4 dxe4 14. g4 Nf6
15. Ng3 g6 16. O-O-O Be6 17. Ngxe4 Bd5 18. Nxf6+ Qxf6 19. Nxd5 cxd5 20. Kb1
Rac8 21. Qd2 Qf3 22. Rc1 Rxc1+ 23. Rxc1 Qxh3 24. Qe2 Qg2 25. a3 a6 26. Rc7 Re4
27. Rxb7 Rxg4 28. Qxa6 Qe4+ 29. Ka2 Rg1 30. Qf6 Qb1+ 31. Kb3 Qd3+ 32. Ka4 Qc4+
33. Ka5 1-0

[Event "VI Festival A"]
[Site "Roseto degli Abruzzi ITA"]
[Date "2014.06.01"]
[Round "5"]
[White "Colantuono, Virginia"]
[Black "Vesce, Emanuele"]
[WhiteElo "1943"]
[BlackElo "1984"]
[Result "1/2-1/2"]
[PlyCount "21"]
[EventDate "2014.05.30"]

1. e4 c6 2. d4 d5 3. exd5 cxd5 4. Nf3 Bf5 5. Bf4 Nf6 6. c3 Nc6 7. Bd3 Bxd3 8.
Qxd3 e6 9. O-O Bd6 10. Bxd6 Qxd6 11. Re1 1/2-1/2

[Event "VI Festival A"]
[Site "Roseto degli Abruzzi ITA"]
[Date "2014.06.01"]
[Round "5"]
[White "Di Lascio, Savino"]
[Black "Manfroi, Andrea"]
[WhiteElo "1878"]
[BlackElo "1907"]
[Result "0-1"]
[PlyCount "111"]
[EventDate "2014.05.30"]

1. Nf3 d5 2. b4 e6 3. Bb2 Nf6 4. b5 Bd7 5. e3 c6 6. a4 a6 7. Na3 Be7 8. Ne5 c5
9. c4 O-O 10. Be2 b6 11. O-O Bc8 12. f4 Bb7 13. Bf3 Nbd7 14. d3 Qc7 15. bxa6
Bxa6 16. Nb5 Bxb5 17. axb5 Bd6 18. Nxd7 Qxd7 19. Rxa8 Rxa8 20. Bxf6 gxf6 21.
cxd5 Ra5 22. dxe6 Qxe6 23. Qe2 Rxb5 24. g3 Ra5 25. Bg4 f5 26. Bh3 Ra2 27. Qf3
Qh6 28. Bg2 b5 29. Qd5 Qe6 30. Re1 Qxd5 31. Bxd5 Rd2 32. Bc6 b4 33. Bb5 b3 34.
Rb1 b2 35. d4 cxd4 36. exd4 Ba3 37. Bd7 Rxd4 38. Bxf5 Rd2 39. Re1 Kg7 40. h3
Bc5+ 41. Kh1 Bf2 42. Rf1 Bxg3 43. Rf3 Bh4 44. Rb3 Bf6 45. Rg3+ Kf8 46. Bxh7 Bd4
47. Rb3 Rf2 48. Rb7 Rxf4 49. Kg2 Rf2+ 50. Kg3 f5 51. Rb5 Kg7 52. Rb7+ Kh6 53.
Bg8 f4+ 54. Kg4 Rg2+ 55. Kxf4 Rxg8 56. Ke4 0-1